El pensamiento de Francisco de Vitoria: Filosofía Política e Indio Americano

Сохранить в:
Библиографические подробности
Главный автор: Castilla Urbano, Francisco (Автор)
Формат:
Язык:испанский
Опубликовано: Barcelona Anthropos 1992
Barcelona Universidad Autónoma Metropolitana 1992
Редактирование:1a. ed
Серии:Pensamiento Crítico-Pensamiento Utópico, 69, Filosofía Política
Предметы:
Метки: Добавить метку
Нет меток, Требуется 1-ая метка записи!

MARC

LEADER 00000nam a2200000 a 4500
001 UCJ9777
003 CL-VaPUC
008 070405e19920000sp |||||||||||||||||spa|d
020 |a 8476583575 
082 0 4 |a 320  |b CAS  |2 21 
100 0 |a Castilla Urbano, Francisco  |e author  |9 519880 
245 1 3 |a El pensamiento de Francisco de Vitoria: Filosofía Política e Indio Americano 
250 |a 1a. ed 
300 |a 378 p 
942 |c BK 
945 |d 20070405 00:00:00  |a lvergara 
260 |a Barcelona  |b Anthropos  |c 1992 
260 |a Barcelona  |b Universidad Autónoma Metropolitana  |c 1992 
600 0 |a Vitoria, Francisco de,  |d 1486-1546  |9 519881 
650 7 |a FILOSOFIA POLITICA  |2 CL-VaPUC  |9 519882 
650 7 |a INDIOS SUDAMERICANOS  |2 CL-VaPUC  |9 338245 
650 7 |a RELACIONES DE GOBIERNO  |2 CL-VaPUC  |9 519883 
650 0 |a Derecho internacional  |9 255637 
583 |a last modification  |c 20171004 04:47:07  |k Rodrigo Vera 
490 0 |a Pensamiento Crítico-Pensamiento Utópico, 69, Filosofía Política 
999 |c 325186  |d 325184 
952 |0 0  |1 0  |4 0  |6 320_000000000000000_CAS_1992_1992  |7 0  |8 A  |9 405818  |a BIBHIS  |b BIBHIS  |d 2019-11-22  |i 4329058  |o 320 CAS 1992 1992  |p 4329058  |r 2025-01-20  |w 2019-11-22  |y BK  |k HIS